Privatizácia v samostatnej Slovenskej republike.
Príčiny spomalenia privatizácie na Slovensku. Programové vyhlásenie vlády SR a Koncepcia ďalšieho postupu privatizácie v Slovenskej republike vysvetľuje príčiny jej spomalenia. Chápanie privatizácie ako prostriedok a nie ako cieľ ekonomickej transformácie. Kupónová privatizácia. Zahraničný kapitál.
Gespeichert in:
| 1. Verfasser: | |
|---|---|
| Format: | Buchkapitel |
| Sprache: | Slowakisch |
| Schlagworte: | |
| Tags: |
Keine Tags, Fügen Sie das erste Tag hinzu!
|
MARC
| LEADER | 00000naa a2200000 4500 | ||
|---|---|---|---|
| 001 | r011569 | ||
| 005 | 20220826091859.8 | ||
| 041 | 0 | |a slo | |
| 044 | |a [CS] | ||
| 245 | 1 | 0 | |a Privatizácia v samostatnej Slovenskej republike. |c Ľubomír Dolgoš |
| 520 | |a Príčiny spomalenia privatizácie na Slovensku. Programové vyhlásenie vlády SR a Koncepcia ďalšieho postupu privatizácie v Slovenskej republike vysvetľuje príčiny jej spomalenia. Chápanie privatizácie ako prostriedok a nie ako cieľ ekonomickej transformácie. Kupónová privatizácia. Zahraničný kapitál. | ||
| 610 | 2 | 0 | |a privatizácia |
| 610 | 2 | 0 | |a Slovensko |
| 610 | 2 | 0 | |a kapitál zahraničný |
| 100 | 1 | |a Dolgoš, Ľubomír | |